خلاصات الأبحاث = (Record no. 6252)
[ view plain ]
| 000 -الفاتح | |
|---|---|
| حقل البيانات ثابتة الطول | 01427nac a22002291u 4500 |
| 008 - عناصر البيانات ثابتة الطول - معلومات عامة | |
| حقل البيانات ثابتة الطول | 101219s19881989xxu||||| |||| 00| 0 ara d |
| 082 ## - رقم تصنيف ديوى العشرى | |
| رقم التصنيف | 378.532 |
| رقم المادة | خ ل ا |
| 110 1# - المدخل الرئيسى - إسم هيئة | |
| اسم الهيئة أو اسم السلطة كمدخل | إدارة الأبحاث بجامعة الكويت |
| 9 (RLIN) | 21539 |
| 245 ## - بيان العنوان | |
| العنوان | خلاصات الأبحاث = |
| بقية العنوان | Research Abstracts / |
| 250 ## - بيان الطبعة | |
| بيان الطبعة | طبعة معدلة ومنقحة (مج 1) |
| 260 ## - PUBLICATION, DISTRIBUTION, ETC. (IMPRINT) | |
| مكان الناشر او الموزع | الكويت : |
| اسم الناشر او الموزع | جامعة الكويت ، |
| تاريخ النشر أو التوزيع | 1988. |
| 300 ## - الوصف المادى | |
| التعداد | 3 مج ؛ |
| أبعاد الوعاء | 24 سم. |
| 500 ## - تبصرة عامة | |
| تبصرة عامة | النص باللغتين العربية والإنجليزية |
| 504 ## - تبصرة ببليوجرافية | |
| تبصرة ببليوجرافية,الخ | يشتمل على إرجاعات ببليوجرافية وفهارس |
| 505 ## - تبصرة محتويات-الفهرس | |
| تبصرة المحتويات المصاغة | مج 1 .(1966 - 1984) -- مج 2 .(1985) -- مج 3 .(1986) |
| 610 1# - المدخل الاضافى بالموضوع-اسم هيئة | |
| اسم الهيئة أو اسم السلطة كمدخل | جمعية الكويت |
| 9 (RLIN) | 21540 |
| 610 1# - المدخل الاضافى بالموضوع-اسم هيئة | |
| اسم الهيئة أو اسم السلطة كمدخل | جمعية الكويت هيئة التدريس |
| 9 (RLIN) | 21541 |
| 942 ## - عناصر المدخل الإضافي( كوها) | |
| Koha [default] item type | Book - Borrowing |
| سابقة رقم الطلب | 378.532 خ ل ا |
| مصدر التصنيف او مخطط الترفيف | Dewey Decimal Classification |
| حالة التراجع | حالة الفقد | مصدر التصنيف او خطة الترفيف | حالة تلف | ليس للاعارة | مجموعات كوها | المكان الدائم | المكان الحالي | موقع الترفيف | تاريخ الاكتساب | Source of acquisition | رقم الاستدعاء | الباركود | Date last seen | نوع الوعاء | تبصرة عامة | تحديد مواد ( مجلدات مجمعه أو جزء أخر) |
|---|---|---|---|---|---|---|---|---|---|---|---|---|---|---|---|---|
| Dewey Decimal Classification | Alef-Baa | Central Library | Central Library | First floor | 19/11/2007 | Purchase | 378.532 خ ل ا | 000007792 | 15/07/2025 | Book - Borrowing | المجلد 1 | |||||
| Lost | Dewey Decimal Classification | Alef-Baa | Central Library | Central Library | First floor | 19/12/2010 | 378.532 خ ل ا | 000007788 | 19/12/2010 | Book - Borrowing | المجلد 2 | Lost In Inventory_2015-8-23 | ||||
| Dewey Decimal Classification | Alef-Baa | Central Library | Central Library | First floor | 19/12/2010 | 378.532 خ ل ا | 000007779 | 15/07/2025 | Book - Borrowing | المجلد 3 |